[Event "Azerbaijan Championship 2022"]
[Site "Nakhchivan"]
[Date "2022.02.08"]
[Round "4.2"]
[White "Suleymanli, Aydin"]
[Black "Iskandarov, Misratdin"]
[Result "1-0"]
[WhiteElo "2530"]
[BlackElo "2566"]
[Annotator "TA"]
[PlyCount "93"]
[EventDate "2022.02.05"]
[EventCountry "AZE"]
[SourceTitle "playchess.com"]
[Source "ChessBase"]
[SourceQuality "1"]

{[%evp 18,93,17,13,35,43,61,75,95,75,101,70,363,373,365,362,350,297,292,293,284,270,338,333,336,323,317,289,318,310,316,315,341,333,358,353,353,312,435,347,477,481,576,552,544,456,642,434,491,484,468,481,1236,1162,1090,846,1077,1018,5397,29968,29968,29969,29968,29969,29967,29969,29969,29970,29970,29971,29971,29972,29969,29958,29978,29979,29971,29975]} 1. d4 Nf6 2. c4 e6 3. Nf3 b6 4. g3 Bb7 5. Bg2 Be7 6. O-O O-O 7. Re1 d5 8. cxd5 exd5 9. Bf4 Nbd7 10. Nc3 a6 {E17: Queen's Indian: 4 g3 Bb7 5 Bg2 Be7.} 11. Ne5 Re8 12. Qb3 Nf8 {[#] White is better.} 13. e4 $1 {[%cal Rc3d5] White is much more active. Black has bad knights.} c6 {[#]} (13... Ne6 {[#]} 14. Nxf7 $1 Kxf7 15. exd5 Nxd4 16. Qc4) 14. exd5 $146 (14. Nxc6 {seems wilder.} Bxc6 15. exd5 Bb5 16. a4 Bd3 17. d6) ({Predecessor:} 14. Bh3 Bd6 15. Nxf7 Kxf7 16. Bxd6 Qxd6 17. e5 Qc7 18. exf6 gxf6 19. Na4 b5 20. Nc5 Rxe1+ 21. Rxe1 {1-0 (30) Ladva,O (2499)-Samolins,V (2406) Palanga 2018}) 14... Nxd5 {[%mdl 8192] [#]} (14... cxd5 $14 15. Na4 Ne6) 15. Nxc6 $1 $18 {[%mdl 512]} Bxc6 16. Nxd5 (16. Bxd5 Bxd5 17. Nxd5 Ng6 $18) 16... Rc8 17. Nxe7+ ({Resist} 17. Nxb6 Bxg2 18. Nxc8 (18. Kxg2 Rc6 $18) 18... Bd5) 17... Rxe7 18. Rxe7 Qxe7 19. d5 ({Much less strong is} 19. Qxb6 $6 Bxg2 20. Kxg2 Qe2 $18) 19... Bb7 20. Qxb6 {Hoping for d6.} Qd7 21. Rd1 Ng6 22. Be3 h5 23. h3 Ne7 24. Qa5 Nf5 25. Bc5 Re8 26. Qd2 Re5 27. Qc3 f6 28. Qd3 Kh8 29. b4 h4 30. g4 Nd6 31. a4 Re8 (31... Kg8 $142 32. b5 axb5 33. axb5 Nf7) 32. Rb1 Nf7 33. b5 Ne5 34. Qf5 Qd8 (34... Qxf5 $142 35. gxf5 axb5 36. axb5 Rc8) 35. bxa6 Bxa6 36. Qh5+ Kg8 37. Be4 {Threatening mate with Bh7+.} g6 38. Bxg6 {[%csl Gg6][%cal Rh5h7]} Nf3+ {White mates.} 39. Kg2 {[%csl Gg6][%cal Rh5h7]} Ng5 {[#]} 40. Bf7+ $1 {[%mdl 512]} Nxf7 41. Qg6+ Kh8 42. Qxf7 Bc4 {[#]} 43. Bd6 $1 {[%mdl 512]} Re5 44. Rb8 Bxd5+ {[#]} 45. Qxd5 $3 {[%mdl 512]} Qxb8 (45... Rxd5 46. Rxd8+) 46. Bxe5 ({And not} 46. Bxb8 Rxd5 47. Bc7 Rd4 $11) 46... fxe5 47. a5 {Black got outplayed after the opening.  Weighted Error Value: White=0.20 (precise) /Black=0.55} 1-0

[Event "Azerbaijan Championship 2022"]
[Site "Nakhchivan"]
[Date "2022.02.08"]
[Round "4.3"]
[White "Ibrahimli, Murad"]
[Black "Safarli, Eltaj"]
[Result "1-0"]
[WhiteElo "2418"]
[BlackElo "2597"]
[Annotator "TA"]
[PlyCount "120"]
[EventDate "2022.02.05"]
[EventCountry "AZE"]
[SourceTitle "playchess.com"]
[Source "ChessBase"]
[SourceQuality "1"]

{[%evp 10,120,54,45,55,52,50,34,46,17,35,32,38,22,22,23,31,27,49,51,43,21,62,32,56,29,63,37,45,40,31,48,52,50,60,53,74,65,91,80,81,82,85,31,44,19,27,14,26,21,29,29,27,0,0,0,12,7,62,23,25,28,21,19,49,0,5,0,66,70,67,98,93,42,69,0,84,69,179,180,187,189,304,294,316,300,766,766,754,691,877,854,845,797,935,936,759,759,29973,29974,29973,29975,29971,29971,29976,29977,29973,29973,29979,29980,29980,29981,29979]} 1. d4 Nf6 2. c4 g6 3. Nc3 Bg7 4. e4 {[%cal Be2e4,Be4e5][%mdl 32]} O-O 5. Nf3 c6 6. Bd3 d5 {now supersedes 6...d6. E70: King's Indian: Miscellaneous lines with 4 e4, including 5 Nge2 and 5 Bd3 0-0 6 Nge2.} 7. e5 Ne8 {[%cal Oc6c5]} 8. h3 Nc7 {[%cal Oc6c5] [#] White is slightly better.} 9. Be3 $146 ({Predecessor:} 9. h4 h5 10. Ng5 Ne6 11. cxd5 cxd5 12. Be3 Nc6 13. Nxe6 Bxe6 14. O-O Qd7 15. Na4 {1-0 (85) Kavutskiy,K (2391)-Trent,L (2399) Chess.com INT 2020}) 9... dxc4 10. Bxc4 Nd7 {[%cal Bb8d7,Bd7b6,Bb6d5][%mdl 32]} 11. Ng5 {Hoping for Nxf7.} Nb6 12. Bb3 Nbd5 13. O-O f6 14. Nf3 Kh8 15. Re1 Bf5 (15... fxe5 $11 {was preferrable.} 16. Nxd5 (16. Nxe5 Nxe3 17. Rxe3 Nd5 $14) (16. dxe5 Nxe3 17. Rxe3 Bf5 $11) 16... Nxd5) 16. Qd2 g5 17. Bc2 (17. Qe2 {is interesting.} h6 18. Rac1 Bg6 19. Nxd5 Nxd5 20. Rc5) 17... fxe5 18. Nxd5 (18. Bxf5 {is more complex.} Rxf5 19. dxe5 Qf8 20. Nxd5 Nxd5 21. Nxg5 Bxe5 22. Bd4) 18... Nxd5 19. Bxf5 Rxf5 20. dxe5 Rxf3 21. gxf3 Qf8 22. Kg2 ({Much worse is} 22. Bxg5 Qxf3 23. a4 Qf5 $11) 22... Qf5 23. Qd4 Bxe5 24. Qe4 Rf8 25. Qxf5 {The board is on fire.} Rxf5 26. Re2 ({Better is} 26. Bxa7 $16 {[%cal Oe1e5] Black must now prevent Rxe5!} Kg8 27. Re4) 26... b6 27. Rc1 c5 28. Rc4 Bf6 29. a3 a5 {Prevents b4.} 30. Re4 Kg7 31. Re6 Kf7 32. Rc6 ({Not} 32. Bc1 $2 Bxb2 $1 {[%mdl 512]} 33. Rxe7+ Nxe7 $19) 32... Bd4 33. Bc1 Ke8 (33... h5 $11) 34. Rc8+ Kd7 35. Rg8 Bf6 36. Re4 h5 37. Ra8 (37. a4 $14 {feels stronger.}) 37... Be5 $1 $11 38. Rg8 Nf6 (38... Bf6 $11) 39. Rf8 $14 Bd6 40. Re2 {White is more active.} Kc6 41. Rf7 (41. a4 $16) 41... Kb5 42. Rg7 (42. Rc2 $14) 42... Kc4 (42... Ka4 $1 $11 {remains equal.}) 43. Rxg5 $16 {White now steadily converts the win.} Rxg5+ (43... Rd5 $14) 44. Bxg5 {[%mdl 4096] Endgame KRB-KBN} Nd5 {[#]} 45. f4 $1 b5 (45... Kb3 {was worth a try.}) 46. f5 $18 b4 47. Re6 Kd4 $2 {[#]} (47... b3 48. Kf3 Kd4 49. Re4+ Kd3) 48. Rxd6 $1 {[%mdl 512]} exd6 {KB-KN} 49. f6 {Strongly threatening f7.} Nc7 50. f7 Ne6 51. Be7 d5 52. f8=Q Nxf8 53. Bxf8 {KB-KP} b3 54. Kf3 {White mates.} c4 {[#]} 55. Ke2 $1 Ke4 56. Bg7 d4 57. f3+ {[%cal Bf2f3,Bf3f4][%mdl 32]} Kd5 58. Kd2 a4 59. h4 Kc5 60. f4 Kd5 {Weighted Error Value: White=0.10 (very precise) /Black=0.33} 1-0

[Event "Azerbaijan Championship 2022"]
[Site "Nakhchivan"]
[Date "2022.02.08"]
[Round "4.4"]
[White "Abbasov, Farid"]
[Black "Gasimov, Parviz"]
[Result "0-1"]
[WhiteElo "2527"]
[BlackElo "2379"]
[Annotator "TA"]
[PlyCount "119"]
[EventDate "2022.02.05"]
[EventCountry "AZE"]
[SourceTitle "playchess.com"]
[Source "ChessBase"]
[SourceQuality "1"]

{[%evp 10,119,0,-24,-6,-8,-4,-8,-10,-5,-2,-62,-48,-60,-47,-54,-39,-94,-97,-105,-97,-102,-94,-100,-93,-121,-131,-193,-144,-291,-220,-324,-178,-159,-158,-170,-76,-192,0,-66,-56,-75,-92,-89,0,0,0,0,36,37,35,33,9,-1036,0,0,0,0,0,0,0,0,0,0,0,0,0,0,0,0,0,0,0,0,0,0,0,0,0,0,7,-8,-8,-10,-8,-8,-8,-40,-13,-69,-69,-1435,-1238,-1325,-1274,-1212,-1212,-1112,-1065,-790,-1634,-1576,0,-1506,0,-1197,-1329,-1249,-1205,-733,-512,-507]} 1. c4 e6 2. Nc3 d5 3. d4 Nf6 4. Nf3 Be7 5. e3 O-O 6. Bd2 c5 {D37: Queen's Gambit Declined: 5 Bf4.} 7. dxc5 Bxc5 8. Rc1 Nc6 {The position is equal.} 9. cxd5 exd5 10. Nb5 (10. Be2 $11) 10... Ne4 $15 11. Bd3 {[#]} a6 $146 ({Predecessor:} 11... Nxd2 12. Rxc5 Nxf3+ 13. gxf3 Be6 14. h4 Qb6 15. Qc1 Rac8 16. Nd6 Nb4 17. Bxh7+ Kxh7 {0-1 (28) Bradac,R (2018)-Ringel,Z (2224) Czech Republic 2017}) 12. Nbd4 Nxd4 13. Nxd4 (13. exd4 $15 Bd6 14. O-O) 13... Qg5 $1 $17 {And now ...Bxd4 would win.} 14. Bxe4 dxe4 15. Ne2 Bg4 $1 (15... Qxg2 $2 16. Rg1 Qf3 17. Rxc5 $18) 16. h4 Qe7 17. Qc2 Rac8 {[%cal Oc5e3]} 18. Nc3 (18. Bc3 $17 {might work better.}) 18... Rfd8 ({Black should try} 18... Rfe8 $19 19. Qa4 Qd8) 19. h5 (19. Qxe4 $17 {was forced.} Qxe4 20. Nxe4 Bxe3 21. Rxc8 (21. fxe3 $2 Rxc1+ 22. Bxc1 Rd1+ 23. Kf2 Rxh1 $19) 21... Bxd2+ 22. Nxd2 Rxc8 23. O-O) 19... b5 20. a3 (20. Qxe4 $142 Qd7 21. O-O) 20... a5 (20... Qd7 $142 {White must now prevent ...Be7.} 21. h6 Bf8) 21. Qxe4 $19 Qd7 22. O-O {[%cal Oh5h6]} Bxh5 ({Inferior is} 22... Qxd2 23. Qxg4 Qxb2 24. Ne4 $11) (22... f5 $19 {has better winning chances.} 23. Qb1 Bxh5) 23. Qe5 f5 $2 ({And not} 23... Qxd2 24. Ne4 Bd6 25. Qxd6 Qxb2 26. Rxc8 Rxc8 27. Qa6 $11) (23... Bg6 $1 $19 24. Rfd1 b4 25. axb4 axb4) 24. Nb1 {[#]} ({White should play} 24. Ne4 $1 $11 Bf8 25. Rxc8 (25. Bxa5 Re8 $17) 25... Rxc8 26. Bxa5) 24... Re8 $1 25. Qh2 (25. Qf4 Bb6) 25... Be2 $36 {[%mdl 2048] Black has strong initiative. Black is much more active. White has bad knights.} 26. Rfe1 {[#]} Bd3 (26... Bd6 $1 $17 27. Qh4 Rxc1 28. Rxc1 Re4) 27. Bxa5 $11 Bd6 {A strong pair of Bishops.} 28. Qh5 Re6 29. Rxc8+ Qxc8 30. Qd1 $1 Qc4 {...Rh6 is the strong threat.} 31. Bb4 $2 {[%mdl 8192] [#]} (31. Qc1 $11) 31... Bxb4 $2 (31... Bh2+ $1 $19 {[%mdl 512]} 32. Kxh2 (32. Kh1 Rh6) 32... Qh4+ 33. Kg1 Rh6) 32. axb4 Qxb4 33. Nc3 Rd6 34. Qa1 h6 35. Rd1 {Hoping for Qa8+.} Bc4 36. Rxd6 Qxd6 37. Qc1 Kf7 38. Nb1 Qd3 39. Nd2 Kg6 40. Nf3 {Threatens to win with Ne5+.} Kh7 41. Ne5 Qe4 42. Qc3 Qb1+ 43. Kh2 Qd1 44. f3 Qd5 45. Qd4 Qxd4 46. exd4 {[%mdl 4096] Endgame KB-KN} g5 47. b4 Bd5 48. f4 Kg7 (48... gxf4 $5 {[%cal Rd5e4]} 49. Kg1 Be4 $17) 49. g3 (49. fxg5 $1 $11 hxg5 50. g3) 49... Kf6 $15 50. Kg1 $2 {[%mdl 8192]} (50. fxg5+ $15 hxg5 51. Kg1) 50... gxf4 $19 51. gxf4 Ke6 52. Kf2 Be4 53. Ke3 h5 {( -> ...h4)} 54. Ng6 Kd5 55. Ne7+ Ke6 56. Ng6 Kd5 57. Ne7+ $1 Kd6 {Black is clearly winning.} 58. Ng6 {[#]} Bb1 $1 59. Nh4 {[#]} Kd5 $1 60. Ng6 {Weighted Error Value: White=0.42/Black=0.47} 0-1

[Event "Azerbaijan Championship 2022"]
[Site "Nakhchivan"]
[Date "2022.02.08"]
[Round "4.5"]
[White "Ilyasli, Ughur"]
[Black "Ahmadzada, Ahmad"]
[Result "0-1"]
[WhiteElo "2310"]
[BlackElo "2467"]
[Annotator "TA"]
[PlyCount "158"]
[EventDate "2022.02.05"]
[EventCountry "AZE"]
[SourceTitle "playchess.com"]
[Source "ChessBase"]
[SourceQuality "1"]

{[%evp 23,158,97,80,67,59,54,85,56,99,92,134,4,168,156,155,153,163,160,155,168,160,157,320,316,956,942,928,994,997,995,995,997,995,989,968,968,939,941,935,926,883,880,830,697,675,265,258,199,309,233,279,218,550,542,525,-7,-7,-7,-7,-7,-8,-7,-7,-7,-8,-7,-7,-4,0,-8,0,0,0,0,0,0,0,0,0,0,0,0,0,0,0,0,0,-1577,-1580,-1580,-1580,-1522,-1522,-1459,-1427,-1412,-1405,-1404,-977,-3412,-3362,-2970,-2495,-2795,-1295,-29980,-29982,-29984,-29981,-29981,-29979,-29979,-29980,-29980,-29981,-29982,-29980,-29983,-29984,-29984,-29985,-29985,-29986,-29986,-29987,-29987,-29988,-29988,-29989,-29989,-29990,-29990,-29991,-29991,-29991,-29992,-29993]} 1. e4 c5 2. Nf3 e6 3. d4 cxd4 4. Nxd4 Nf6 5. Nc3 d6 6. g4 {[%cal Bg2g4,Bg4g5][%mdl 32]} Nc6 7. g5 Nd7 8. Be3 Be7 9. h4 O-O 10. Qd2 Nxd4 11. Qxd4 a6 12. O-O-O b5 13. a3 {B81: Sicilian Scheveningen: Keres Attack.} Bb7 14. f4 Rc8 15. Kb1 {White is better.} Qa5 (15... Nc5 $14 {might be stronger.}) 16. h5 e5 {[#]} (16... Rfd8 $142) 17. Qd2 $146 (17. fxe5 $1 $16 Nxe5 18. h6) ({Predecessor:} 17. fxe5 Nxe5 18. h6 g6 19. Rh2 Rfe8 20. Rf2 Qd8 21. Rg2 Bf8 22. Nd5 Bxd5 23. exd5 {1-0 (38) Van Kampen,R (2581)-Kvetny,M (2201) Basel 2013}) 17... exf4 $2 {[#]} (17... Rxc3 $1 $11 {and Black has nothing to worry.} 18. Qxc3 Qxc3 19. bxc3 Bxe4) 18. Nd5 $1 $18 Qd8 19. Bxf4 {Threatens to win with h6.} Bxd5 20. exd5 Ne5 {To avoid g6} 21. Bxe5 dxe5 22. g6 f5 (22... fxg6 $2 23. d6 Qxd6 24. Qxd6 Bxd6 25. Rxd6) (22... hxg6 $2 23. hxg6 Bg5 24. gxf7+ Rxf7 25. Qh2 $18) (22... Bg5 $16 23. gxf7+ Kxf7) 23. d6 Bf6 $2 (23... Bg5 24. Qd5+ Kh8 25. Qxe5 Qe8 26. Qxe8 Rcxe8) 24. Qd5+ Kh8 25. h6 hxg6 26. Qb7 {[%csl LRa6,LRg7]} Kg8 27. Bg2 {Intending Bd5+ and mate.} e4 28. Qd5+ Kh7 29. hxg7+ Kxg7 30. Qb7+ Rf7 {[#]} 31. Rh7+ $3 {[%mdl 576] Skewer, Deflection, Decoy} Kxh7 32. Qxf7+ Kh6 33. d7 {Threatening mate with Rh1+.} Rb8 34. Rd6 $2 (34. Rh1+ Bh4 35. Bxe4 $1 {[%mdl 512]}) 34... Kg5 35. Re6 {Inhibits Qe7.} a5 (35... Qh8 {is a better defense.}) 36. Bf1 b4 {[#]} 37. a4 b3 $2 (37... Qh8) 38. cxb3 {Ba6 is the strong threat.} Qh8 39. b4 $2 (39. Ka2 $18 Rd8 40. Bb5) 39... Rf8 $1 $11 40. Qe8 {[#]} Qh1 $1 {Really sharp!} 41. Rxf6 Qxf1+ {[%mdl 4096] Endgame KQR-KQR} 42. Ka2 $132 {[%mdl 2048] White is fighting back} Qc4+ 43. Ka1 $1 {[#]} Rxe8 44. Rxg6+ $1 Kxg6 45. dxe8=Q+ {KQ-KQ} Kg5 46. bxa5 Kf4 47. Qd8 $1 Qxa4+ 48. Kb1 Kf3 49. Qd5 f4 50. b3 $1 Qb4 {White must now prevent ...Kf2.} 51. Kc2 Qe1 52. Qh5+ Ke3 (52... Kg2 $5 53. a6 Qf2+ 54. Kc3 Qg3+ 55. Kb4 f3 $11) 53. Qc5+ Kf3 54. Qh5+ Kg2 {Strongly threatening ...e3.} 55. Qg4+ $2 {[%mdl 8192]} (55. a6 $11) 55... Qg3 $19 56. Qxg3+ Kxg3 {KPP-KPP} 57. a6 {[#]} e3 $1 58. a7 e2 59. a8=Q e1=Q {KQ-KQ} 60. Qb8 Qe4+ 61. Kc3 Kg2 62. Qg8+ Kf1 {And now ...f3 would win.} 63. b4 f3 {( -> ...f2)} 64. b5 f2 {Black mates.} 65. b6 Ke1 66. Qg3 Qc6+ 67. Kd3 Qd5+ 68. Kc3 Qc5+ 69. Kb3 Qxb6+ 70. Ka4 Qd4+ 71. Ka5 Ke2 72. Qh2 Qc5+ 73. Ka6 Qg5 74. Kb7 Ke1 75. Qh1+ f1=Q 76. Qe4+ Qe2 77. Qb1+ Kf2 78. Qb6+ Qge3 79. Ka8 Q2f3+ {Never resign too early!  Weighted Error Value: White=0.55/Black=0.26 (precise)} 0-1

[Event "Azerbaijan Championship 2022"]
[Site "Nakhchivan"]
[Date "2022.02.08"]
[Round "4.6"]
[White "Babazada, Khazar"]
[Black "Shahaliyev, Ismayil"]
[Result "1/2-1/2"]
[WhiteElo "2427"]
[BlackElo "2380"]
[Annotator "TA"]
[PlyCount "116"]
[EventDate "2022.02.05"]
[EventCountry "AZE"]
[SourceTitle "playchess.com"]
[Source "ChessBase"]
[SourceQuality "1"]

{[%evp 15,116,13,12,7,11,0,0,0,0,0,-11,0,7,-31,0,-33,-8,-76,-77,-150,-172,-160,-153,-212,-211,-216,-225,-220,-178,-251,-258,-263,-239,-272,-270,-258,-263,-244,-191,-227,-172,-177,-179,-171,-172,-208,-216,-214,-204,-214,-186,-229,-229,-266,-184,-253,-250,-393,-360,-532,-321,-384,-72,-68,0,0,0,0,16,-1,0,0,0,0,0,0,0,0,0,-175,-176,-176,-176,-143,-130,-148,0,0,0,0,0,0,0,0,0,0,0,0,0,0,0,0,0]} 1. e4 e6 2. d4 d5 3. Nc3 Bb4 4. e5 c5 5. a3 Bxc3+ 6. bxc3 Ne7 7. a4 Qc7 {7...Qa5 is setting a new trend.} 8. Nf3 h6 9. Bd3 {C19: French: 3 Nc3 Bb4: Main line: 7 Nf3 and 7 a4.} b6 10. O-O {[%cal Oa4a5]} Ba6 11. Bxa6 Nxa6 12. Qe2 Nb8 {[%cal Ba6b8,Bb8d7,Bd7e5,Be5c4][%mdl 32]} 13. a5 bxa5 14. dxc5 Nd7 15. Nd4 O-O $1 {[#]} (15... Qxe5 16. Qa6 $14) (15... Nxc5 16. Nb5 Qc6 17. Nd6+ Kf8 18. Qf3 $18 (18. Rxa5 Qc7 $16)) 16. Qa6 $146 (16. Qg4 $11) ({Predecessor:} 16. f4 Nxc5 17. Qb5 Ne4 18. Qxa5 Qxa5 19. Rxa5 Nxc3 20. Ba3 Rfe8 21. Ra1 Rac8 22. Rxa7 {0-1 (49) Tan,K (2222)-L'Ami,E (2438) Schagen 2003}) 16... Nxe5 $17 (16... Qxe5 $2 17. Qb7 $18) 17. Rxa5 ({Better is} 17. Bf4) 17... Nc4 $1 18. Rb5 Qc8 $1 19. Qa4 (19. Qxc8 $17 {was called for.} Rfxc8 20. f4) 19... a6 $19 20. Rb1 Qxc5 21. Rb7 Ra7 22. Rb3 (22. Ba3 {is a better defense.} Nxa3 23. Rxa7 Qxa7 24. Qxa3) 22... Rc8 23. Qa1 Nc6 {Pair of Knights!} 24. Ne2 {[%cal Bd4e2,Be2f4,Bf4d3][%mdl 32]} a5 25. Ba3 Nxa3 26. Rxa3 Rb8 27. Nf4 Rab7 {[%cal Ob7b1] Strongly threatening ...Rb1!} 28. Nd3 Qd6 29. Ra4 e5 {White must now prevent ...e4.} 30. f3 {Prevents e4.} Re7 31. Qe1 Rbe8 32. Qg3 Qb8 33. Rg4 (33. c4 {was necessary.}) 33... f6 34. Kh1 Qa7 35. Qh4 (35. Ra4 $142) 35... Kh7 36. Qh5 (36. Ra4 $142) 36... a4 37. Rg6 (37. Nb4 Nxb4 38. Rxb4 (38. cxb4 $2 a3 $19) 38... a3 $19) (37. h3 $142) 37... Qa6 {And now ...a3 would win.} 38. Rg1 Qb6 $2 (38... e4 $19 {has better winning chances.} 39. Nf4 Ne5) 39. g4 $17 {Hoping for g5.} e4 ({Black should play} 39... Re6 $15 40. g5 fxg5 41. R1xg5 R8e7) 40. g5 $11 fxg5 (40... exd3 $2 41. gxf6 Qxg1+ 42. Rxg1 $18) 41. R1xg5 {[%cal Og6h6] Rxh6+! would kill now.} Rg8 (41... exd3 42. Rxh6+ $3 {[%mdl 512]} gxh6 43. Qg6+ Kh8 44. Qxh6+ Rh7 45. Qf6+) 42. Nf4 {[#] Dancing on a razor blade.} Qe3 $1 {[%csl LRc3,LRf3,LRf4]} 43. Rxg7+ $1 {[%mdl 64] Decoy} Rgxg7 44. Qxh6+ Kg8 $1 {[%cal Oe4f3]} 45. Rxg7+ Rxg7 {[%csl Ge3][%cal Rg7g1]} 46. Qe6+ Kf8 {[%csl Ge3][%cal Rg7g1]} 47. Qf6+ $2 {[#]} (47. Qc8+ $11 {and White has nothing to worry.} Kf7 48. Qe6+ Kf8 49. Qc8+ Nd8 50. Qxd8+ Kf7 51. Qxd5+ Kf8 52. Ne6+ Ke7 53. Nxg7 Qxf3+ 54. Kg1 Qg4+ 55. Kf2 Qf3+ 56. Kg1 Qg4+ 57. Kh1 Qf3+ 58. Kg1) 47... Ke8 $1 $19 {[%csl Ge3][%cal Rg7g1]} ({Inferior is} 47... Kg8 48. Qe6+ Kh8 49. Qh6+ Kg8 50. Qe6+ $11) 48. Qxc6+ {[%mdl 4096] Endgame KQR-KQN} Rd7 49. Qc8+ Ke7 50. Ng6+ {[#]} Kd6 (50... Kf6 $1 $17 51. Qc6+ Kg7 52. Qxd7+ Kxg6 53. Qe6+ Kg7 54. Qe7+ Kh6 55. Qe6+ Kg5 56. Qxd5+ Kf4 57. Qf7+ Ke5 58. Qe7+ Kd5 59. Qf7+ Kd6 60. Qf8+ Ke6 61. Qe8+ Kf5 62. Qh5+ Kf6 63. Qh8+ Kg6) 51. Qb8+ $11 {The position is equal.} Rc7 52. Qd8+ Rd7 (52... Kc6 $5 53. Ne5+ Kb7 54. Qxd5+ Kb6 55. Qd6+ Kb7 56. Qd5+ Kb8 57. Qd8+ (57. Qb5+ Kc8 $11) 57... Kb7 58. Qd5+ $11) 53. Qb8+ Rc7 54. Qd8+ Kc6 55. Ne5+ Kb7 56. Qxd5+ Ka7 (56... Ka6 $5 57. Qa8+ Qa7 58. Qxe4 a3 $11) 57. Qa5+ Kb7 {( -> ...Qe1+)} 58. Qd5+ Ka7 {Weighted Error Value: White=0.26 (precise) /Black=0.24 (precise)} (58... Ka6 $5 59. Qa8+ Qa7 60. Qxe4 a3 $11) 1/2-1/2

[Event "Azerbaijan Championship 2022"]
[Site "Nakhchivan"]
[Date "2022.02.08"]
[Round "4.7"]
[White "Hasanzade, Toghrul"]
[Black "Manafov, Vugar"]
[Result "1-0"]
[WhiteElo "2292"]
[BlackElo "2299"]
[Annotator "TA"]
[PlyCount "67"]
[EventDate "2022.02.05"]
[EventCountry "AZE"]
[SourceTitle "playchess.com"]
[Source "ChessBase"]
[SourceQuality "1"]

{[%evp 9,67,20,34,31,62,67,64,59,60,66,66,74,113,112,104,118,113,118,141,130,133,150,300,275,352,301,371,307,447,423,482,409,389,396,347,229,301,291,294,193,190,201,300,269,263,272,620,614,613,611,745,349,693,402,979,921,1281,1258,1183,996]} 1. e4 {[%cal Be2e4,Be4e5][%mdl 32]} Nf6 2. e5 Nd5 3. Nc3 Nb6 4. Nf3 d6 5. exd6 cxd6 6. d4 {B02: Alekhine's Defence: Chase Variation and lines with early Nc3.} Bg4 7. h3 Bxf3 8. Qxf3 {White is slightly better.} ({Of course not} 8. gxf3 d5 $11) 8... d5 {[#]} 9. Bf4 $146 ({Predecessor:} 9. Bd3 Nc6 10. Ne2 g6 11. c3 Bg7 12. Qg3 O-O 13. O-O Nd7 14. f4 e6 15. Qf3 {0-1 (76) Cuenca Jimenez,J (2460)-Fier,A (2644) Montcada 2009}) 9... Nc6 10. a4 Nxd4 11. Bb5+ Nxb5 12. Nxb5 Rc8 {Inhibits Nc7+.} 13. Nxa7 {Strongly threatening a5. White is much more active.} Rc4 {[%cal Oe7e5] [#]} 14. O-O $1 e6 {[#]} 15. b3 $1 Rxc2 (15... Rc5 $16 {might work better.}) 16. Rac1 $18 Rc5 17. Nb5 {Inhibits Bd6.} Na8 18. Qg3 Rc6 (18... g5 {was necessary.}) 19. Na7 Rc5 20. Rxc5 {[%mdl 64] Overworked Piece} Bxc5 {[#]} 21. Qxg7 $1 Kd7 {[#]} 22. Be5 $1 Rf8 (22... Re8 23. Bf6) 23. Nb5 {[%cal Ba7b5,Bb5d4,Bd4f3,Bf3e5,Be5g6][%mdl 32]} Qh4 24. Bd4 Be7 25. f4 f5 (25... Nc7 $142 26. Nxc7 Kxc7) 26. Be5 Qh5 27. Qg3 Qe2 $2 (27... Qg6 28. Qf2 Rg8) 28. Nd4 Qd2 29. Qg7 Qd3 30. Qxh7 (30. Rf3 $142 Qd2 31. Kh2) 30... Nc7 $2 (30... Qg3 31. Qh6 Qg8) 31. Nf3 {Black must now prevent Bxc7.} Ne8 (31... Re8 $142 32. Re1 Qxb3 33. Bxc7 Kxc7 34. Rxe6 Qb4) 32. Bd4 {White wants to mate with Ne5+. White is clearly winning.} Qa6 33. Ne5+ Kd8 34. Ng6 {[%csl LRe7,LRf8] White took control after the opening.  Weighted Error Value: White=0.37/Black=0.60} 1-0